Statistics for US Presidents by Category

Click here to take the quiz!

General Stats

  • This quiz has been taken 22 times
  • The average score is 77 of 102

Answer Stats

QuestionTileSelect% Correct
To have had multiple VPsBenjamin HarrisonNo
100%
To have had multiple VPsGerald R. FordNo
100%
To have had multiple VPsFranklin D. RooseveltYes
94%
To have been in office during a declaration of warFranklin D. RooseveltYes
94%
To have had multiple VPsFranklin PierceNo
94%
To have had multiple VPsMillard FillmoreNo
94%
To die in office NOT by assassinationAbraham LincolnNo
88%
That have been assassinatedAbraham LincolnYes
88%
That have been assassinatedAndrew JacksonNo
88%
To have been in office during a declaration of warBarack ObamaNo
88%
To have been in office during a declaration of warBill ClintonNo
88%
Held office during the Cold WarCalvin CoolidgeNo
88%
That have been impeachedDonald TrumpYes
88%
Held office during the Cold WarFranklin D. RooseveltNo
88%
That have been impeachedFranklin PierceNo
88%
Born in VirginiaGeorge WashingtonYes
88%
That have been assassinatedGerald R. FordNo
88%
Held office during the Cold WarHerbert HooverNo
88%
That have been assassinatedJohn F. KennedyYes
88%
To die in office NOT by assassinationJohn F. KennedyNo
88%
That have been impeachedJohn TylerNo
88%
That have been assassinatedRonald ReaganNo
88%
To not have been from "Democratic" nor "Republican" partiesRutherford B. HayesNo
88%
To die in office NOT by assassinationTheodore RooseveltNo
88%
That have been assassinatedWarren G. HardingNo
88%
That have been assassinatedWilliam Henry HarrisonNo
88%
To die in office NOT by assassinationWilliam TaftNo
88%
To have been in office during a declaration of warWoodrow WilsonYes
88%
To have had multiple VPsWoodrow WilsonNo
88%
To die in office NOT by assassinationZachary TaylorYes
88%
That have been assassinatedZachary TaylorNo
88%
To have been in office during a declaration of warAndrew JacksonNo
82%
To die in office NOT by assassinationAndrew JacksonNo
82%
Born in VirginiaCalvin CoolidgeNo
82%
Born in VirginiaChester A. ArthurNo
82%
That have been assassinatedFranklin D. RooseveltNo
82%
That have been impeachedGeorge H. W. BushNo
82%
To not have been from "Democratic" nor "Republican" partiesGeorge WashingtonYes
82%
To die in office NOT by assassinationGerald R. FordNo
82%
To not have been from "Democratic" nor "Republican" partiesJames BuchananNo
82%
To die in office NOT by assassinationJames GarfieldNo
82%
Born in VirginiaJames MadisonYes
82%
Born in VirginiaJames MonroeYes
82%
That have been impeachedJoe BidenNo
82%
That have been assassinatedTheodore RooseveltNo
82%
To have had multiple VPsTheodore RooseveltNo
82%
To not have been from "Democratic" nor "Republican" partiesTheodore RooseveltNo
82%
To have been in office during a declaration of warUlysses S. GrantNo
82%
Held office during the Cold WarWarren G. HardingNo
82%
Held office during the Cold WarWoodrow WilsonNo
82%
To have had multiple VPsAbraham LincolnYes
76%
That have been impeachedAndrew JacksonNo
76%
To have had multiple VPsAndrew JacksonYes
76%
Born in VirginiaAndrew JohnsonNo
76%
To not have been from "Democratic" nor "Republican" partiesBenjamin HarrisonNo
76%
Held office during the Cold WarBill ClintonNo
76%
That have been impeachedBill ClintonYes
76%
To die in office NOT by assassinationFranklin D. RooseveltYes
76%
To have been in office during a declaration of warGeorge WashingtonNo
76%
Born in VirginiaHarry TrumanNo
76%
Born in VirginiaJames BuchananNo
76%
That have been assassinatedJames GarfieldYes
76%
To not have been from "Democratic" nor "Republican" partiesJohn AdamsYes
76%
Held office during the Cold WarRichard NixonYes
76%
To have had multiple VPsRichard NixonYes
76%
Born in VirginiaThomas JeffersonYes
76%
To die in office NOT by assassinationWilliam McKinleyNo
76%
To have been in office during a declaration of warZachary TaylorNo
76%
That have been impeachedAndrew JohnsonYes
71%
Held office during the Cold WarGerald R. FordYes
71%
Held office during the Cold WarJimmy CarterYes
71%
Born in VirginiaJohn AdamsNo
71%
Held office during the Cold WarJohn F. KennedyYes
71%
Held office during the Cold WarLyndon B. JohnsonYes
71%
That have been impeachedRichard NixonNo
71%
To die in office NOT by assassinationWarren G. HardingYes
71%
That have been assassinatedWilliam McKinleyYes
71%
To not have been from "Democratic" nor "Republican" partiesZachary TaylorYes
71%
Held office during the Cold WarGeorge H. W. BushYes
65%
To have been in office during a declaration of warJames K. PolkYes
65%
Born in VirginiaJames K. PolkNo
65%
To not have been from "Democratic" nor "Republican" partiesMillard FillmoreYes
65%
Held office during the Cold WarRonald ReaganYes
65%
To have had multiple VPsThomas JeffersonYes
65%
To die in office NOT by assassinationWilliam Henry HarrisonYes
65%
Held office during the Cold WarDwight D. EisenhowerYes
59%
To have had multiple VPsJames MadisonYes
59%
To not have been from "Democratic" nor "Republican" partiesJohn TylerYes
59%
To not have been from "Democratic" nor "Republican" partiesWilliam Henry HarrisonYes
59%
To have been in office during a declaration of warWilliam McKinleyYes
59%
Held office during the Cold WarHarry TrumanYes
53%
To have been in office during a declaration of warJames MadisonYes
47%
Born in VirginiaWilliam Henry HarrisonYes
47%
To have had multiple VPsWilliam McKinleyYes
47%
Born in VirginiaWoodrow WilsonYes
47%
Born in VirginiaZachary TaylorYes
47%
To have been in office during a declaration of warGeorge W. BushNo
41%
Born in VirginiaJohn TylerYes
41%
To have had multiple VPsGrover ClevelandNo
35%
To not have been from "Democratic" nor "Republican" partiesJohn Quincy AdamsNo
35%
To not have been from "Democratic" nor "Republican" partiesThomas JeffersonNo
35%
To have had multiple VPsUlysses S. GrantYes
35%

Score Distribution

Percentile by Number Answered

Percent of People with Each Score

Your Score History

You have not taken this quiz